00498nam a2200193 a 4500001001300000003000900013005001700022008004100039020002200080082002000102100002100122245002200143260003700165300000900202500003500211505002400246650001300270700002100283nice12345678IN_TiNIC20260116013716.0050524s1995 newa grp 000 0 eng  a8185990 c7500a324.245408bDAS aDasgupta, Swapan aAyodhya Reference aNew DelhibVoice of India c1995 a195p aincludes index and biblioraphy2 aBibliography, Index aHindutva1 aDasgupta, Swapan